[Event "Sampa Chess Open 2024"]
[Site "Sao Paulo"]
[Date "2024.02.03"]
[Round "8.53"]
[White "Akamine, Giullia Hikari Nish"]
[Black "Nicacio, Daniel Ramos"]
[Result "0-1"]
[WhiteElo "1800"]
[BlackElo "1479"]
[PlyCount "90"]
[EventDate "2024.01.29"]
[EventRounds "9"]
[EventCountry "BRA"]

1. e4 e5 2. Nf3 Nc6 3. Be2 Nf6 4. d3 Bc5 5. h3 ({RR} 5. Be3 Bxe3 6. fxe3 d5 7.
exd5 Nxd5 8. Qd2 O-O 9. O-O f5 10. c4 Nf6 11. Nc3 a5 12. Rad1 h6 13. d4 e4 14.
Ne5 Qe8 15. Nb5 Qd8 16. Ng6 Re8 17. d5 Ne5 18. Nxe5 Rxe5 19. Qc3 Qe7 {Seret,J 
(2385)-Jolly,J (2387) France 2012 1/2-1/2 (54)}) 5... O-O 6. O-O h6 7. Nbd2
$146 ({RR} 7. c3 Re8 8. Re1 b5 9. a3 a5 10. d4 exd4 11. cxd4 Bb6 12. e5 Nd5 13.
Bxb5 Nde7 14. Qd3 d5 15. Bxc6 Nxc6 16. Qc3 Re6 17. Be3 a4 18. b4 axb3 19. Qb2
Rg6 20. Nh2 Bxh3 21. g3 Qh4 {Ononna,N-Israt,J (1375) Dhaka 2017 0-1 (39)}) ({RR
} 7. b3 d6 8. Bb2 Be6 9. Nc3 Nd4 10. Re1 Nxf3+ 11. Bxf3 Bd4 12. Qd2 c6 13. Ba3
Re8 14. Rab1 Rc8 15. Ne2 Bb6 16. Bb2 Bc7 17. a4 d5 18. exd5 cxd5 19. Nc3 d4 20.
Ne2 Bd5 {1/2-1/2 (20) Lapinski,F-Rommeswinkel,H Germany 1998}) 7... d6 8. c3
Ne7 9. Nh4 Ng6 10. Nxg6 fxg6 11. Nb3 Bb6 12. d4 Nxe4 13. dxe5 Nxf2 14. Qd5+ Kh7
15. Nd4 Qh4 16. Be3 Nxh3+ 17. gxh3 Qg3+ 18. Qg2 Qxe3+ 19. Kh1 Bxh3 20. Qg1 Bxd4
21. Qxe3 Bxe3 22. Rfd1 dxe5 23. Rd3 Bg2+ 24. Kh2 Rf2 25. Rxe3 Bf3+ 26. Kg3 Rxe2
27. Rxf3 Rxb2 28. Rd1 Rxa2 29. Rd7 Rc2 30. Rxc7 a5 31. Rxb7 a4 32. Rc7 a3 33.
Rff7 Rg8 34. Rf1 a2 35. Kg4 Rf8 36. Rg1 Rf4+ 37. Kg3 Rf5 38. Re1 Re2 39. Ra1
Rg5+ 40. Kf3 Rgg2 41. c4 Rgf2+ 42. Kg3 h5 43. c5 g5 44. Ra7 e4 45. c6 Rf3# 0-1

[Event "Sampa Chess Open 2024"]
[Site "Sao Paulo"]
[Date "2024.02.03"]
[Round "8.54"]
[White "Akamine, Isabelle Namie Nish"]
[Black "Ruvieri, Daniel Minami"]
[Result "1/2-1/2"]
[WhiteElo "1800"]
[BlackElo "1437"]
[PlyCount "95"]
[EventDate "2024.01.29"]
[EventRounds "9"]
[EventCountry "BRA"]

1. d4 Nf6 2. c4 e6 3. Nc3 Bb4 4. Bd2 O-O 5. a3 Bxc3 6. Bxc3 d6 7. Nf3 b6 8. e3
Bb7 ({RR} 8... Ne4 9. Rc1 Bb7 10. Be2 Nd7 11. O-O c5 12. Nd2 Nxc3 13. Rxc3 Qe7
14. Bf3 cxd4 15. exd4 Nf6 16. Qe2 Rac8 17. Rfc1 Ba6 18. Qe3 Rc7 19. b4 Rfc8 20.
h3 h6 21. c5 Bb5 22. cxb6 axb6 23. Rxc7 {Stanec,S (2106)-Karas,M (2288)
Slovakia 2016 1/2-1/2 (57)}) 9. Be2 Nbd7 10. O-O c5 $146 ({RR} 10... Qe7 11.
Qc2 Ne4 12. Nd2 f5 13. f3 Nxc3 14. Qxc3 e5 15. d5 a5 16. b4 axb4 17. axb4 Nf6
18. e4 f4 19. Rfb1 g5 20. c5 h5 21. c6 Rxa1 22. Rxa1 Bc8 23. Ba6 Bxa6 24. Rxa6
g4 25. Qa3 {Winterlik,J-Schenderowitsch,M Bingen 1996 0-1}) 11. b4 Qe7 12. dxc5
dxc5 13. Qa4 Ne4 14. Bb2 Ng5 15. Qd1 Nxf3+ 16. Bxf3 Bxf3 17. Qxf3 cxb4 18. axb4
Rfc8 19. b5 Qb4 20. Rad1 Nf8 21. Rb1 Qxc4 22. Qg3 Ng6 23. f4 Qxb5 24. Bxg7 Qd7
25. Bh6 Qe7 26. f5 exf5 27. Rxf5 Qh4 28. Qxh4 Nxh4 29. Rg5+ Ng6 30. h4 f6 31.
Rg3 Rc5 32. Rf1 Rh5 33. Bf4 Rxh4 34. Bd6 a5 35. Rxf6 a4 36. Ba3 b5 37. Rb6 Rh5
38. e4 Re8 39. Re3 Rhe5 40. Bb2 Rc5 41. Ba3 Rh5 42. Rb7 Rd8 43. Rf3 Rd1+ 44.
Kf2 Rd2+ 45. Kg1 Rg5 46. Rb8+ Kg7 47. Rb7+ Kg8 48. Rb8+ 1/2-1/2

[Event "Sampa Chess Open 2024"]
[Site "Sao Paulo"]
[Date "2024.02.04"]
[Round "9.1"]
[White "Perez Gormaz, Matias"]
[Black "Flores Quillas, Diego Saul Rodri"]
[Result "1/2-1/2"]
[WhiteElo "2388"]
[BlackElo "2429"]
[PlyCount "78"]
[EventDate "2024.01.29"]
[EventRounds "9"]
[EventCountry "BRA"]

1. Nf3 Nf6 2. g3 g6 3. b3 Bg7 4. Bb2 c5 5. c4 Nc6 6. Bg2 d6 7. d4 cxd4 8. Nxd4
Bd7 9. O-O O-O 10. Nc3 Rc8 11. Qd2 Qa5 12. Rfd1 Rfd8 13. Rac1 Nxd4 14. Qxd4 Bc6
15. Qd2 $146 ({RR} 15. Qd3 e6 16. Qb1 d5 17. cxd5 exd5 18. e3 Ne4 19. Nxe4 Bxb2
20. Qxb2 dxe4 21. Bh3 Rxd1+ 22. Rxd1 Rd8 23. Rxd8+ Qxd8 24. Qd4 Qa5 25. a4 Qe1+
26. Bf1 Qb1 27. Qd8+ Kg7 28. Qd4+ Kg8 29. Qd8+ Kg7 {Momeni,E-Sadeh,S Teheran
2004 1-0 (45)}) 15... h5 16. e4 h4 17. Nd5 Qxd2 18. Rxd2 Bxd5 19. exd5 hxg3 20.
hxg3 Nh5 21. Re1 Bxb2 22. Rxb2 Kf8 23. Rbe2 Rc7 24. Re3 Rb8 25. a4 a6 26. Bf1
a5 27. Bd3 Nf6 28. Kg2 Re8 29. f4 Nd7 30. Kf3 Nc5 31. Bc2 Kg7 32. g4 e6 33.
dxe6 fxe6 34. Rd1 Rd7 35. Kg3 e5 36. f5 gxf5 37. Bxf5 Rdd8 38. Kh4 Rh8+ 39. Kg5
Rhe8 1/2-1/2

[Event "Sampa Chess Open 2024"]
[Site "Sao Paulo"]
[Date "2024.02.04"]
[Round "9.2"]
[White "Fier, Alexandr"]
[Black "Di Berardino, Diego Rafael"]
[Result "1-0"]
[WhiteElo "2549"]
[BlackElo "2480"]
[PlyCount "131"]
[EventDate "2024.01.29"]
[EventRounds "9"]
[EventCountry "BRA"]

1. Nf3 Nf6 2. c4 e6 3. d4 d5 4. g3 dxc4 5. Bg2 Bb4+ 6. Bd2 a5 7. Qc2 b5 8. a4
Bxd2+ 9. Nfxd2 Ra7 10. axb5 Qxd4 11. Qxc4 Qb6 12. Nc3 O-O 13. O-O Bb7 14. Bxb7
Rxb7 15. Qd3 $146 ({RR} 15. Nb3 Ra7 16. Na4 Qb7 17. Nac5 Qb6 18. Na4 Qb7 19.
Nac5 Qb6 20. Na4 {1/2-1/2 (20) Nunez-Painchaud,R (2050)-Roussel Roozmon,T 
(2479) Contrecoeur CAN 2019}) 15... c6 16. Nc4 Qc5 17. Nxa5 Rd7 18. Qc4 Qxc4
19. Nxc4 cxb5 20. Nxb5 Nc6 21. Rfd1 Rb7 22. Nbd6 Rb4 23. Ra6 Ne7 24. Rda1 Nc8
25. Nxc8 Rxc8 26. Rc6 Rf8 27. Ra7 g5 28. Kg2 h6 29. Rac7 Nd5 30. Ra7 Nf6 31. h3
Nd5 32. e3 Nf6 33. f4 Nd5 34. Kf3 Rfb8 35. Rc5 gxf4 36. gxf4 Rb3 37. Ra3 R3b4
38. Ra7 Rb3 39. f5 R3b4 40. Rd7 h5 41. Rd6 Re8 42. fxe6 fxe6 43. Ke4 Rb3 44.
Rcc6 Kf7 45. Ne5+ Kg8 46. Rxe6 Rxe6 47. Rxe6 Nxe3 48. Rg6+ Kh7 49. Rg3 Nc4 50.
Rxb3 Nd2+ 51. Kf5 Nxb3 52. Kg5 Kg7 53. Nd3 Kf7 54. Kxh5 Kf6 55. Kg4 Kg6 56. h4
Kh6 57. Ne5 Kg7 58. Kg5 Nd4 59. b4 Ne6+ 60. Kf5 Nc7 61. Ng4 Nb5 62. h5 Na3 63.
Kg5 Nb5 64. Ne3 Kf7 65. Nf5 Kg8 66. Kg6 1-0

[Event "Sampa Chess Open 2024"]
[Site "Sao Paulo"]
[Date "2024.02.04"]
[Round "9.4"]
[White "Oliveira, Silvio Eduardo"]
[Black "Perdomo, Leandro"]
[Result "1/2-1/2"]
[WhiteElo "2297"]
[BlackElo "2382"]
[PlyCount "126"]
[EventDate "2024.01.29"]
[EventRounds "9"]
[EventCountry "BRA"]

1. e4 e5 2. Nf3 Nc6 3. Bb5 a6 4. Ba4 Nf6 5. O-O d6 6. c3 Bd7 7. d4 g6 8. Bc2 ({
RR} 8. Bg5 Bg7 9. Re1 O-O 10. dxe5 Nxe5 11. Nxe5 Bxa4 12. Qxa4 dxe5 13. Nd2 h6
14. Be3 Ng4 15. Nf1 Nxe3 16. Nxe3 c6 17. Rad1 Qc7 18. h4 h5 19. g4 Qe7 20. gxh5
Qxh4 21. hxg6 fxg6 22. Qc4+ Kh8 {Aronian,L (2782)-Karthikeyan,M (2630) Kolkata
IND 2021 1/2-1/2 (61)}) ({RR} 8. Bxc6 Bxc6 9. dxe5 Nxe4 10. Qe2 d5 11. Nd4 Bg7
12. Nd2 Nxd2 13. Bxd2 O-O 14. f4 Re8 15. Nxc6 bxc6 16. Rae1 f6 17. e6 f5 18.
Rf3 Bf6 19. Re3 Qd6 20. g4 Re7 21. gxf5 gxf5 22. Qd3 Bh4 {Niemann,H (2645)
-Formento,P (2382) Cattolica ITA 2022 1-0 (33)}) 8... Bg7 9. h3 O-O 10. Be3 Nh5
$146 ({RR} 10... a5 11. Nbd2 Re8 12. Re1 a4 13. a3 b5 14. Rc1 Na5 15. Bd3 Qb8
16. Bf1 Qb7 17. Qc2 Rac8 18. dxe5 dxe5 19. Bc5 Be6 20. c4 bxc4 21. Nxc4 Nb3 22.
Ncxe5 Nxc1 23. Qxc1 Nxe4 24. Nd4 Bxe5 {0-1 (24) Wagner,D (2578)-Demchenko,A 
(2655) chess.com INT 2021}) 11. Nbd2 Qe8 12. Re1 Kh8 13. a4 f5 14. dxe5 f4 15.
Bd4 dxe5 16. Bc5 Rf6 17. b4 b6 18. b5 axb5 19. axb5 Na7 20. Bb4 Bxb5 21. c4 Bd7
22. Bc3 Rd6 23. c5 bxc5 24. Ra5 Nc6 25. Rxc5 Qe7 26. Rd5 Be6 27. Nc4 Rdd8 28.
Nfxe5 Nxe5 29. Nxe5 Re8 30. Ba4 Rf8 31. Nc6 Qa3 32. Bxg7+ Nxg7 33. Rd4 Qc3 34.
Qc1 Qxc1 35. Rxc1 f3 36. g4 Ba2 37. Bd1 Ne6 38. Rd3 Ng5 39. h4 Nh3+ 40. Kf1 Be6
41. Rxf3 Bxg4 42. Rxf8+ Rxf8 43. Bxg4 Nxf2 44. Ke2 Nxg4 45. e5 Re8 46. Kf3
Nxe5+ 47. Nxe5 Rxe5 48. Rxc7 Rf5+ 49. Kg3 Kg8 50. Ra7 Rf7 51. Ra6 Kg7 52. Rb6
Rd7 53. Rb3 Re7 54. Ra3 h5 55. Rb3 Re4 56. Rf3 Rg4+ 57. Kh3 Rc4 58. Ra3 Kf6 59.
Rf3+ Kg7 60. Kg3 Kh6 61. Kh3 Rc5 62. Kg3 Kg7 63. Rb3 Rf5 1/2-1/2

[Event "Sampa Chess Open 2024"]
[Site "Sao Paulo"]
[Date "2024.02.04"]
[Round "9.5"]
[White "Ticona Rocabado, Licael Roderick"]
[Black "Gemy, Jose Daniel"]
[Result "1-0"]
[WhiteElo "2350"]
[BlackElo "2329"]
[PlyCount "137"]
[EventDate "2024.01.29"]
[EventRounds "9"]
[EventCountry "BRA"]

1. d4 {Postny,E} Nf6 2. c4 e6 3. Nf3 Bb4+ 4. Nbd2 O-O 5. e3 ({RR} 5. a3) 5...
b6 ({RR} 5... d5 6. a3 Be7 7. Bd3 c5 8. dxc5 a5 9. Rb1 Bxc5 10. O-O Nc6 11. Qc2
Qe7 12. cxd5 exd5 13. e4 h6 14. exd5 Nxd5) 6. a3 ({RR} 6. Bd3 c5 ({RR} 6... Bb7
7. O-O d5 8. a3 Bd6 9. b4 dxc4 10. Nxc4 Nbd7 11. Bb2 Ne4 12. Qe2 f5 13. Nfe5
Bxe5 14. dxe5 Qe7 15. Rac1 Rfd8 16. f3 Ng5 17. Rfd1) 7. a3 Bxd2+ 8. Bxd2 Bb7 9.
dxc5 bxc5 10. Bc3 d6 11. Qc2 Nbd7 12. O-O-O ({RR} 12. Rd1 Qe7 13. O-O a5 14. e4
e5 15. Nh4 g6 16. g3 Nb8 17. f4 Nc6) 12... Qe7 ({RR} 12... h6 13. h4) 13. Ng5
h6 14. h4 Ne5 ({RR} 14... Bxg2 15. Rhg1 Bc6) ({RR} 14... hxg5 15. hxg5) ({RR} 
14... Rfd8 15. f4 d5) 15. Bh7+ Kh8 16. f4 Neg4 ({RR} 16... Nxc4 17. Bxf6 gxf6
18. Qxc4 fxg5 19. hxg5 Kxh7 20. Rxh6+ Kg7 21. Qc3+ e5 22. Rdxd6 Rh8 23. Rd7
Qxd7 24. Qxe5+) ({RR} 16... Ned7) 17. Rh3 h5 ({RR} 17... e5 18. Bf5 Bc8 19.
Bxc8 Raxc8 20. Rg3 h5 21. Rxg4 hxg4 22. Rxd6 Qxd6 23. Bxe5 Qe7 24. Bxf6 Qxe3+
25. Kb1 Qe1+ 26. Ka2 Qxh4 27. Nxf7+ Rxf7 28. Bxh4) ({RR} 17... Rad8 18. Bd3 Bc8
19. Rg3 ({RR} 19. Rf1 e5 20. Be2 e4 21. f5 d5 22. cxd5 Rxd5 23. Bxg4 Nxg4 24.
Qxe4 Qxe4 25. Nxe4 f6) 19... e5 20. Be2 ({RR} 20. f5 d5) 20... Nf2 21. Rf1 hxg5
22. Rxf2 ({RR} 22. hxg5 N6e4) 22... g4 23. f5 Bb7 24. Bd3 d5) 18. Rg3 Rae8 19.
Bd3 e5 20. Be2 ({RR} 20. Bf5) 20... Nf2 {Kramnik,V (2760)-Morozevich,A (2724)
Moscow 2014 CBM 164 [Postny,E] 1-0 (34)} ({RR} 20... exf4 21. Bxg4 Ne4 ({RR} 
21... fxg3 22. Bxf6 Qxe3+ 23. Kb1 Be4 24. Nxe4 Qxe4 25. Qxe4 Rxe4 26. Bf3 Rxc4
27. Be7 Re8 28. Bxd6 Rxh4 29. Bxg3) 22. exf4 ({RR} 22. Be6 fxg3 23. Qe2 Nxg5
24. Qxh5+ Nh7 25. Bf5 Qxe3+ 26. Rd2 Qg1+ 27. Rd1 Qe3+) 22... hxg4 23. h5 f6 24.
h6 Qd7)) 6... Be7 7. Bd3 ({RR} 7. Be2 Bb7 8. Qc2 c5 9. dxc5 bxc5 10. b3 d6 11.
O-O Nbd7 12. Bb2 Qc7 13. Bd3 Rab8 14. Bc3 h6 15. e4 Ng4 16. h3 Nge5 17. Be2 Nc6
18. Rfe1 e5 19. Bd3 Nd4 20. Bxd4 cxd4 21. b4 Nf6 {Hercog,N (1959)-Pavic,F 
(2248) Slovenia SLO 2019 1/2-1/2 (41)}) 7... d6 $146 ({RR} 7... c5 8. d5 b5 9.
e4 bxc4 10. Nxc4 exd5 11. exd5 d6 12. O-O Bb7 13. Ne3 Nbd7 14. Bc4 Re8 15. Qd3
Bf8 16. Bd2 Ne4 17. Rae1 Nxd2 18. Qxd2 a6 19. Bb3 Nb6 20. Nc4 Nxc4 21. Bxc4 Qf6
22. Qd3 {Schandorff,L (2355)-Salov,V Groningen 1983 1/2-1/2 (35)}) ({RR} 7...
Bb7 8. b4 c5 9. bxc5 bxc5 10. Rb1 Qc7 11. O-O d6 12. Qc2 Nbd7 13. Rd1 h6 14.
Bb2 Rab8 15. Qa4 Bc6 16. Qc2 Qa5 17. Qc3 Qa4 18. Bc2 Qa6 19. d5 exd5 20. Nh4
Rfe8 21. cxd5 Bxd5 22. Bd3 {Nokka,R (2286)-Nyysti,S (2352) Finland 2013 0-1}) (
{RR} 7... c5 8. O-O Bb7 9. e4 cxd4 10. Nxd4 d6 11. b4 Nbd7 12. Bb2 Ne5 13. Bc2
Rc8 14. Qe2 Ng6 15. g3 Re8 16. Ba4 Nd7 17. Rac1 a6 18. h4 Nge5 19. f4 Nc6 20.
N4f3 Bf6 21. e5 dxe5 22. fxe5 {Mihajlov,S (2335)-Kollars,D (2436) Gibraltar
2016 1/2-1/2 (37)}) 8. O-O Nbd7 9. b3 e5 10. Bb2 Bb7 11. Qc2 exd4 12. exd4 Re8
13. d5 c6 14. dxc6 Bxc6 15. Nd4 Bb7 16. Rfe1 Bf8 17. Rxe8 Qxe8 18. N2f3 Ne5 19.
Nxe5 dxe5 20. Re1 e4 21. Bf1 Qb8 22. g3 a6 23. Bg2 Qe5 24. Ne2 Qf5 25. Bxf6
Qxf6 26. Bxe4 Bxe4 27. Qxe4 Rd8 28. Nf4 Qb2 29. Nd5 Qxb3 30. Re3 Qd1+ 31. Kg2
Qc1 32. Qh4 Rb8 33. Qf4 Rd8 34. Qg5 Rb8 35. Nf6+ Kh8 36. Qf4 Rd8 37. Nxh7 Bc5
38. Re8+ Rxe8 39. Qxc1 Kxh7 40. Qd1 a5 41. a4 Re6 42. Qd5 Kg8 43. h4 Rd6 44.
Qa8+ Kh7 45. Qe4+ g6 46. f4 Rd2+ 47. Kh3 f5 48. Qe1 Rd6 49. Qe7+ Kg8 50. h5
gxh5 51. Qg5+ Kh7 52. Qxf5+ Rg6 53. Qf7+ Kh6 54. f5 Rg4 55. f6 Bd6 56. Qe6
Rxg3+ 57. Kh2 Rd3+ 58. Kg2 Rd2+ 59. Kf3 Bc5 60. f7+ Kg7 61. f8=Q+ Bxf8 62. Qxb6
Bb4 63. c5 h4 64. Kg4 Rd4+ 65. Kh3 Rc4 66. Qc7+ Kf8 67. Qd8+ Kg7 68. Qe7+ Kh8
69. Qf8+ 1-0

[Event "Sampa Chess Open 2024"]
[Site "Sao Paulo"]
[Date "2024.02.04"]
[Round "9.6"]
[White "Santiago, Yago De Moura"]
[Black "Ribeiro, Matheus Mendes Domi"]
[Result "1/2-1/2"]
[WhiteElo "2467"]
[BlackElo "2130"]
[PlyCount "162"]
[EventDate "2024.01.29"]
[EventRounds "9"]
[EventCountry "BRA"]

1. d4 d5 2. c4 e6 3. Nf3 Nf6 4. g3 dxc4 5. Bg2 c5 6. Qa4+ Bd7 ({RR} 6... Nc6 7.
dxc5 Bxc5 8. O-O O-O 9. Qxc4 Qd5 10. Nfd2 Qxc4 11. Nxc4 Nd4 12. Nc3 Bb4 13. e3
Bxc3 14. bxc3 Ne2+ 15. Kh1 Nxc1 16. Rfxc1 Rb8 17. e4 Nd7 18. f4 b6 19. Nd6 Bb7
20. Rd1 Nc5 21. e5 {Beliavsky,A (2590)-Balashov,Y (2600) Vilnius (Lithuania)
1980 1/2-1/2 (39)}) 7. Qxc4 b5 8. Qd3 ({RR} 8. Qc2 Na6 9. O-O Rc8 10. Qd1 Bc6
11. Bg5 Be7 12. dxc5 Nxc5 13. Qxd8+ Rxd8 14. Rc1 Bb7 15. Be3 Rc8 16. Nd4 Bxg2
17. Kxg2 b4 18. a3 O-O 19. axb4 Nce4 20. Rxc8 Rxc8 21. Rxa7 Bxb4 22. f3 Nd6 {
Buscar,M (2088)-Durarbayli,V (2625) chess.com INT 2021 0-1 (56)}) 8... Na6 $146
({RR} 8... c4 9. Qc2 Bc6 10. O-O Na6 11. Bg5 h6 12. Bxf6 Qxf6 13. a3 Be7 14.
Nc3 O-O 15. Rfd1 Rfd8 16. e4 Bf8 17. d5 exd5 18. e5 Qe7 19. Nd4 Bb7 20. Re1 b4
21. Ncb5 Nc5 22. axb4 Nd3 23. Re2 {Strybuk,A (2179)-Khurkhesova,V (1897) St
Petersburg RUS 2019 1/2-1/2 (77)}) 9. O-O Rc8 10. e4 cxd4 11. Nxd4 Qb6 12. e5
Nb4 13. Qd1 Nfd5 14. a3 Rxc1 15. Qxc1 Nd3 16. Qd2 Qxd4 17. Rd1 Bc5 18. Qxd3
Qxf2+ 19. Kh1 Bc6 20. Nc3 Qxg2+ 21. Kxg2 Nf4+ 22. Kf1 Nxd3 23. Rxd3 f6 24. Rc1
fxe5 25. Nd1 Be4 26. Rdc3 O-O+ 27. Ke1 Bd4 28. Rc8 a5 29. Rxf8+ Kxf8 30. Rc8+
Kf7 31. Nc3 Bd3 32. Rb8 Bxc3+ 33. bxc3 a4 34. Kd2 e4 35. Ke3 Kf6 36. Rf8+ Ke7
37. Rh8 h6 38. g4 Kf7 39. h4 Kf6 40. Rf8+ Ke7 41. Rf2 g5 42. hxg5 hxg5 43. Kd4
Kd6 44. Rf6 Be2 45. Rg6 Bxg4 46. Rxg5 Be2 47. Kxe4 Bc4 48. Rh5 Be2 49. Rh2 Bc4
50. Rh8 Be2 51. Rd8+ Kc5 52. Rc8+ Kd6 53. Kd4 Bc4 54. Re8 Kd7 55. Ra8 Kc6 56.
Ra6+ Kd7 57. Kc5 e5 58. Rb6 e4 59. Kd4 Bd3 60. Ra6 Kc7 61. c4 Bxc4 62. Kxe4 Kb7
63. Rh6 Kc7 64. Kd4 Kb7 65. Kc5 Be2 66. Rh7+ Ka6 67. Re7 Bf1 68. Re1 Bd3 69.
Kc6 Bc4 70. Re5 Bf1 71. Kc7 Bc4 72. Rg5 Bf1 73. Rg6+ Ka5 74. Rf6 b4 75. Rxf1
bxa3 76. Kc6 Kb4 77. Rf4+ Kb3 78. Kb5 a2 79. Rb4+ Kc2 80. Rxa4 Kb2 81. Rxa2+
Kxa2 1/2-1/2

[Event "Sampa Chess Open 2024"]
[Site "Sao Paulo"]
[Date "2024.02.04"]
[Round "9.7"]
[White "Awoki, Daniel Teidi"]
[Black "Filgueiras, Nathan Felipe"]
[Result "0-1"]
[WhiteElo "2152"]
[BlackElo "2321"]
[PlyCount "110"]
[EventDate "2024.01.29"]
[EventRounds "9"]
[EventCountry "BRA"]

1. e4 e5 2. Nf3 Nc6 3. Bc4 Nf6 4. d3 h6 5. O-O d6 6. c3 g5 7. Re1 g4 8. Nfd2 h5
9. Nf1 h4 10. Bg5 Be7 $146 ({RR} 10... Rh5 11. Bxf6 Qxf6 12. Na3 Bd7 13. Ne3
Qg6 14. d4 O-O-O 15. Bb5 g3 16. d5 gxf2+ 17. Kxf2 Ne7 18. Bxd7+ Rxd7 19. Qg4
Rg5 20. Qf3 f5 21. exf5 Nxf5 22. Qh3 Kb8 23. Kg1 Nxe3 24. Rxe3 Rg7 25. Re2 {
Gagunashvili,M (2573)-Cuenca Jimenez,J (2552) Warsaw POL 2021 1/2-1/2 (81)})
11. d4 Rh5 12. Bxf6 Bxf6 13. d5 Ne7 14. Be2 Rg5 15. g3 Ng8 16. c4 Kf8 17. Nc3
Kg7 18. Qc2 Nh6 19. b4 Be7 20. Ne3 f5 21. exf5 Nxf5 22. Nxf5+ Bxf5 23. Bd3 Qd7
24. Ne4 Rh5 25. Re2 a5 26. b5 b6 27. Rf1 Rf8 28. Qd1 Qe8 29. Re3 Qg6 30. Nc3
Bg5 31. Bxf5 Qxf5 32. Re4 hxg3 33. fxg3 Qxf1+ 34. Qxf1 Rxf1+ 35. Kxf1 Rxh2 36.
c5 dxc5 37. Rxe5 Bf6 38. Re2 Rh5 39. Ne4 Rxd5 40. Nf2 c4 41. Re4 Rxb5 42. Rxg4+
Kf7 43. Rxc4 c5 44. a4 Rb4 45. Rf4 Ke6 46. Nd3 Rb1+ 47. Ke2 Bd4 48. Rf8 Kd5 49.
Rb8 Kc4 50. Kd2 Rg1 51. Nc1 Rxg3 52. Ne2 Rb3 53. Nxd4 Kxd4 54. Kc2 Rb4 55. Rb7
Ke5 0-1

[Event "Sampa Chess Open 2024"]
[Site "Sao Paulo"]
[Date "2024.02.04"]
[Round "9.8"]
[White "Silva, Kaua Marques"]
[Black "Dos Santos Dutra, Fernando Junior Fre"]
[Result "1/2-1/2"]
[WhiteElo "2142"]
[BlackElo "2262"]
[PlyCount "98"]
[EventDate "2024.01.29"]
[EventRounds "9"]
[EventCountry "BRA"]

1. e4 {Stockfish 16} c5 2. Nf3 d6 3. d4 cxd4 4. Nxd4 Nf6 5. Nc3 Nc6 6. Bg5 e6
7. Qd2 a6 8. O-O-O Bd7 9. Kb1 b5 10. Nxc6 Bxc6 11. f3 Be7 12. h4 h6 ({RR} 12...
Qc7 13. Ne2 h6 14. Be3 d5 15. e5 Nd7 16. f4 Nc5 17. Nd4 Ne4 18. Qe1 Bd7 19. g4
O-O-O 20. Bd3 g5 21. f5 gxh4 22. f6 Bc5 23. Rxh4 Qxe5 24. Bxe4 Qxe4 25. Qc3 Kb7
26. Nxe6 Bxe6 27. Qxc5) 13. Be3 Rc8 14. Ne2 Bb7 ({RR} 14... Nd7 15. Nf4 h5 16.
Qf2 Bb7 17. Nd3 Bf6 18. Bd4 Qc7 19. c3 O-O 20. Rg1 Bxd4 21. cxd4 Nf6 22. Qd2
Qb6 23. Nf2 b4 24. g4 b3 25. Bd3 bxa2+ 26. Ka1 Qxd4 27. gxh5 Nd7 28. e5) 15.
Nd4 Nd7 16. g4 Ne5 17. Qg2 g6 18. f4 Nc4 19. Bxc4 Rxc4 20. b3 $146 ({RR} 20.
Rhf1 Qa8 21. b3 Bxe4 22. Qf2 Rc8 23. f5 ({RR} 23. Rfe1 h5) 23... gxf5 24. gxf5
e5 25. f6 Bf8 26. Rfe1 Rg8 {0-1 (26) Kaua Marques Silva (2142)-Aryan Tari 
(2623) Florianopolis 2024 [Stockfish 16]}) 20... Rc8 21. h5 ({RR} 21. f5 Qd7
22. Rh2 e5 23. Ne2 h5 24. gxh5 gxf5 25. Qg7 Rf8 26. h6 Bxe4) 21... g5 22. Rhf1
gxf4 23. Bxf4 e5 24. Bxh6 exd4 25. g5 Qd7 26. Bg7 Rxh5 27. g6 f6 28. Bxf6 Qe6
29. g7 Kd7 30. Bxe7 Bxe4 31. g8=R Rxg8 32. Qe2 Rc5 33. Rde1 Rg4 34. Bf8 Rxc2
35. Rf7+ Kc6 36. Rc1 d3 37. Qf1 Qe5 38. Rxc2+ dxc2+ 39. Kc1 Qa1+ 40. Kd2 c1=B+
41. Qxc1+ Qxc1+ 42. Kxc1 b4 43. Rf6 a5 44. Rxd6+ Kb5 45. Re6 Rg1+ 46. Kd2 Rg2+
47. Ke1 Bb1 48. a4+ bxa3 49. Bxa3 Ra2 1/2-1/2

[Event "Sampa Chess Open 2024"]
[Site "Sao Paulo"]
[Date "2024.02.04"]
[Round "9.9"]
[White "De Albuquerque, Ian Telek C."]
[Black "Melian, Juan Sebastian"]
[Result "1-0"]
[WhiteElo "2089"]
[BlackElo "2238"]
[PlyCount "55"]
[EventDate "2024.01.29"]
[EventRounds "9"]
[EventCountry "BRA"]

1. e4 c5 2. Nf3 e6 3. d4 cxd4 4. Nxd4 Nc6 5. Nc3 Qc7 6. Be3 a6 7. g4 b5 ({RR} 
7... Nxd4 8. Qxd4 b5 9. O-O-O Bb7 10. f3 Rc8 11. Qd2 Bb4 12. Bd4 f6 13. g5 h6
14. gxh6 Nxh6 15. a3 Bxa3 16. bxa3 e5 17. Nxb5 axb5 18. Bb2 d5 19. Bxb5+ Kf8
20. Ba4 d4 21. Bb3 Nf7 22. Qb4+ {Grandelius,N (2672)-Carlsen,M (2865) Wijk aan
Zee NED 2022 1/2-1/2 (54)}) 8. Nxc6 Qxc6 9. Qd2 Bb7 ({RR} 9... b4 10. Ne2 Qxe4
11. Rg1 Qc4 12. Ng3 Qc7 13. O-O-O Ne7 14. Nh5 Nd5 15. Bd4 Rg8 16. Qd3 g6 17.
Bg2 gxh5 18. Bxd5 Bb7 19. Bxb7 Qxb7 20. gxh5 Rxg1 21. Rxg1 Qd5 22. b3 f5 23.
Qe3 Qe4 24. Qd2 {Esipenko,A (2714)-Shankland,S (2708) Wijk aan Zee NED 2022 1/
2-1/2 (51)}) 10. f3 $146 ({RR} 10. O-O-O Rc8 11. f3 Ne7 12. Ne2 Ng6 13. Nd4 Qc7
14. Be2 Ne5 15. Kb1 Be7 16. h4 d5 17. Bf4 Bd6 18. Bh2 O-O 19. f4 Nc4 20. Bxc4
dxc4 21. Nxe6 {1/2-1/2 (21) Brkic,A (2588)-Andreikin,D (2724) Struga MKD 2021})
({RR} 10. O-O-O Rd8 11. f3 Ne7 12. Qf2 Ng6 13. Ne2 Rc8 14. Nd4 Qc7 15. Nb3 Bd6
16. Bb6 Qb8 17. Kb1 Be5 18. Nc5 d6 19. Nd3 O-O 20. h4 Nf4 21. Ba7 Qc7 22. Bb6
Qb8 23. Ba7 Qc7 24. Bb6 {1/2-1/2 (24) Vignesh,N (2453)-Murshed,N (2410) Dhaka
BAN 2021}) ({RR} 10. O-O-O Nf6 11. f3 d5 12. g5 b4 13. Ne2 Nd7 14. Nd4 Qa4 15.
Kb1 Ne5 16. Bf4 Ng6 17. Bg3 Be7 18. h4 h5 19. gxh6 Rxh6 20. h5 Nf8 21. Bf4 Rh8
22. Be5 f6 23. Bg3 dxe4 24. fxe4 Rd8 {Ciesla,A (2276)-Tomaszewski,K (2302)
Szklarska Poreba POL 2021 1/2-1/2}) 10... Bc5 11. O-O-O d6 12. Bd3 Nf6 13. g5
Nd7 14. f4 Rc8 15. Bxc5 Qxc5 16. Rhe1 O-O 17. h4 Nb6 18. Qe3 Qc7 19. h5 b4 20.
Ne2 e5 21. Ng3 Rfe8 22. Kb1 d5 23. fxe5 Rxe5 24. Qf4 Rce8 25. Rf1 dxe4 26. Nxe4
Bxe4 27. Bxe4 Qc4 28. Qxe5 1-0

[Event "Sampa Chess Open 2024"]
[Site "Sao Paulo"]
[Date "2024.02.04"]
[Round "9.10"]
[White "Cordero, Daniela"]
[Black "Matsuura, Everaldo"]
[Result "0-1"]
[WhiteElo "2028"]
[BlackElo "2410"]
[PlyCount "68"]
[EventDate "2024.01.29"]
[EventRounds "9"]
[EventCountry "BRA"]

1. d4 Nf6 2. Nf3 g6 3. c4 Bg7 4. g3 d5 5. cxd5 Nxd5 6. Bg2 Nb6 7. O-O Nc6 8. e3
O-O 9. Nc3 Re8 10. h3 a5 11. b3 ({RR} 11. Qc2 e5 12. Nxe5 Nxe5 13. dxe5 Bxe5
14. e4 Qe7 15. Kh2 Bd7 16. Bh6 Qc5 17. Rac1 Bc6 18. Nd5 Qxc2 19. Rxc2 Bxd5 20.
exd5 Bd6 21. Rfc1 Rad8 22. Bg5 Rc8 23. Bf4 Bxf4 24. gxf4 Rcd8 25. Rxc7 Nxd5 {
Giri,A (2727)-Topalov,V (2771) Zug 2013 1/2-1/2 (36)}) ({RR} 11. d5 Ne5 12.
Nxe5 Bxe5 13. e4 e6 14. Bh6 exd5 15. exd5 Nc4 16. Qb3 Nd6 17. Rfe1 Bd7 18. a4
Qf6 19. Rad1 Bd4 20. Rxe8+ Rxe8 21. Qc2 Bf5 22. Qd2 Bb6 23. Bg5 Qg7 24. Re1
Rxe1+ 25. Qxe1 Qd4 {Lazavik,D (2465)-Shahade,G (2476) chess.com INT 2021 1-0 
(38)}) ({RR} 11. Qe2 Be6 12. Rd1 Bc4 13. Qc2 Nb4 14. Qb1 a4 15. a3 Nc6 16. Nd2
Ba6 17. b4 axb3 18. Nxb3 Qc8 19. Nc5 Bc4 20. Qc2 e5 21. dxe5 Rxe5 22. Nd3 Bxd3
23. Qxd3 Rc5 24. Bd2 Nc4 25. Rdc1 N6e5 {Rezende,G (2101)-Matsuura,E (2477)
Porto Seguro 2014 0-1 (64)}) 11... a4 12. Rb1 $146 ({RR} 12. Nxa4 Nxa4 13. bxa4
Na5 14. Ba3 Nc4 15. Bb4 Nb2 16. Qb3 Nxa4 17. Rad1 Be6 18. d5 Bd7 19. Rd2 Qc8
20. h4 h6 21. Rc1 Qb8 22. Nd4 Be5 23. f4 Bd6 24. e4 Qa7 25. Kh2 Qb6 26. Bxd6
exd6 {Borg,A (2116)-Van Kooten,L (2283) Hoogeveen 2007 1/2-1/2}) 12... axb3 13.
Rxb3 Be6 14. Ra3 Bc4 15. Re1 Nb4 16. Nd2 Ba6 17. Qb3 Nd3 18. Rd1 e5 19. d5 Bf8
20. Ra5 Bb4 21. Rxa6 Rxa6 22. Bf1 Nxc1 23. Qxb4 Nxa2 24. Nxa2 Rxa2 25. e4 Qd6
26. Qb5 Rea8 27. Nc4 Nxc4 28. Bxc4 Ra1 29. Rxa1 Rxa1+ 30. Kg2 Rc1 31. Be2 Rc2
32. Bd3 Rd2 33. Bc4 Kg7 34. Qa5 Rd4 0-1